000 00692nam a22002057a 4500
005 20260616140847.0
010 _aENG-144888
020 _c400.00
_a9789384600792
035 _aEN-128420
037 _bDBAD/PUB
082 _a305.51220954
100 _aSonawane, Jagdish Chhaburao
_989405
245 _aKnowledge, Power And Hegemony:
_cJagdish Chhaburao Sonawane
_bEducational Politics in Colonial Maharasthtra/
250 _aSecond
260 _aPune
_bSanay Prakashan
_c2023
270 _bPune
_e410504
_aShubham Vishva, Mogra B 14, Anandwadi, Nraryanagaon, Tal. Junnar, Dist.
300 _a176p.
_c21cm(pb)
700 _989404
942 _2ddc
_cEN
_h305.51220954
_mSON
999 _c216693
_d216693